Human resource management : a critical text /
This book is divided into four parts: Introduction; Strategic issues; Key practice areas of HRM; International HRM.
Saved in:
| Format: | Book |
|---|---|
| Language: | English |
| Published: |
London :
International Thomson Business Press,
1997.
|
| Subjects: | |
| Tags: |
Add Tag
No Tags, Be the first to tag this record!
|
| Institutions: | Mạng thư viện Đại học Đà Nẵng |
|---|
| LEADER | 01184cam a2200337 i 4500 | ||
|---|---|---|---|
| 001 | 000049160 | ||
| 003 | 8893 | ||
| 005 | 20051111142637.0 | ||
| 008 | 010320b1997 vm 000 eng | ||
| 020 | |a 1861523459 | ||
| 040 | |a IRC |c IRC |d IRC | ||
| 041 | 0 | |a eng | |
| 082 | 1 | 4 | |a 658.3 |b Hu-R |
| 245 | 0 | 0 | |a Human resource management : |b a critical text / |c Edited by John Storey. |
| 260 | |a London : |b International Thomson Business Press, |c 1997. | ||
| 300 | |a xii, 399 p. ; |c 23.5cm. | ||
| 520 | 3 | |a This book is divided into four parts: Introduction; Strategic issues; Key practice areas of HRM; International HRM. | |
| 630 | 0 | 4 | |a Personnel management. |
| 650 | 0 | 4 | |a Personnel management. |
| OWN | |a DUT | ||
| AVA | |a UDN50 |b DUT |c Book |d 658.3 Hu-R |e available |t Error 5001 Not defined in file expand_doc_bib_avail. |f 1 |g 0 |h N |i 0 |j SH |k 1 | ||
| 999 | |a From the UDN01 | ||
| AVA | |a UDN50 |b DUT |c Book |d 658.3 Hu-R |e available |t Error 5001 Not defined in file expand_doc_bib_avail. |f 1 |g 0 |h N |i 0 |j SH |k 1 | ||
| TYP | |a Monograph | ||
| TYP | |a Printed language | ||
| 980 | |a Mạng thư viện Đại học Đà Nẵng | ||


